000 01002cam a22001814a 4500
005 20250605164131.0
008 250528s ||||||||||||||||||||||||d
035 _a18645
040 _aGR-AtMCL
_bgre
_dGR-AtMCL
_eAACR2
245 1 _aMade in USA / Συλλογή Ταινιοθήκη 3
260 _bΚίνο,
_c1975
300 _a74
520 _aΤο βιβλίο έχει σαν θέμα του την γκαγκστεροποίηση τηε πολιτικής ζωής των ''ελεύθερων'' δυτικών κοινωνιών. Σημείωμα του Εκδότη, Σύνοψη του Έργου, Η Αριστερά και το Made in USA, Εισαγωγή, Τίτλοι, Ποιός Δολοφόνησε τον Μπέν Μπάρκα, Το Φιάσκο Μπέν Μπάρκα, Γράμμα στους Φίλους μου, Μανιφέστο, Μερικές Επεξηγήσεις.
700 1 _aΓκονταρ Ζαν Λυκ
_94912
942 _cBK
999 _c3992
_d3992